Tratado de nutrición : (Registro nro. 21767)

Detalles MARC
000 -LEADER
fixed length control field 01751nam a2200289 4500
001 - CONTROL NUMBER
control field 0000022072
003 - CONTROL NUMBER IDENTIFIER
control field CO-CtgCURN
005 - DATE AND TIME OF LATEST TRANSACTION
control field 20250428143317.0
007 - PHYSICAL DESCRIPTION FIXED FIELD--GENERAL INFORMATION
fixed length control field ta
008 - FIXED-LENGTH DATA ELEMENTS--GENERAL INFORMATION
fixed length control field 160627s2010 000 0 eng d
020 ## - INTERNATIONAL STANDARD BOOK NUMBER
International Standard Book Number 9788498352382
040 ## - CATALOGING SOURCE
Original cataloging agency CO-CtgCURN
Language of cataloging spa
Transcribing agency coctgcurn
082 0# - DEWEY DECIMAL CLASSIFICATION NUMBER
Classification number 612.39
Item number T776
245 00 - TITLE STATEMENT
Title Tratado de nutrición :
Remainder of title bases fisiológicas y bioquímicas de la nutrición /
Statement of responsibility, etc. director Angel Gil Hernández, coordinador Fermin Sánchez de Medina Contreras.
250 ## - EDITION STATEMENT
Edition statement 2a ed.
260 ## - PUBLICATION, DISTRIBUTION, ETC.
Place of publication, distribution, etc. Madrid :
Name of publisher, distributor, etc. Editorial Medica Panamericana,
Date of publication, distribution, etc. 2010.
300 ## - PHYSICAL DESCRIPTION
Extent T. I : il., col.
336 ## - CONTENT TYPE
Source rdacontent
337 ## - MEDIA TYPE
Source rdamedia
Media type term sin mediacion
Media type code n
338 ## - CARRIER TYPE
Source rdacarrier
Carrier type term volumen
Carrier type code nc
505 8# - FORMATTED CONTENTS NOTE
Formatted contents note Evolucion de la nutricion.--Funciones y metabolismo de los nutrientes.--Comunicación intercelular: hormonas, eicosanoides y citoquinas.--Señalizacion celular.--Sintesis, degradacion y recambio de las proteinas.--Regulacion de la expresion genica en organismos eucariotas.--Fisiología de la digestion.--Metabolismo de los hidratos de carbono.--Fibra dietetica.--Metabolismo de las lipoproteinas.--Metabolismo lipidico tisular.--Funciones y metabolismo de los acidos grasos esenciales y de sus derivados activos.--Nutricion e inmunidada.--Proliferacion y muerte celular.--Cobre y cinc.--Vitamina C, vitamina E y coenzima Q.--Selenio, manganeso, cromo, molibdeno, yodo y otros oligoelementos minoritarios.--Metabolismo en los aminoacidos.--Estres oxidativo y mecanismos de defensa antioxidante
650 14 - SUBJECT ADDED ENTRY--TOPICAL TERM
Topical term or geographic name entry element Nuticion.
700 1# - ADDED ENTRY--PERSONAL NAME
Personal name Sánchez de Medina Contreras, Fermin, coord.
908 ## - PUT COMMAND PARAMETER (RLIN)
Put command parameter 160627
942 ## - ADDED ENTRY ELEMENTS (KOHA)
Koha item type Libros
Classification part 612.39
Item part T776
Source of classification or shelving scheme Dewey Decimal Classification
Suppress in OPAC No
Existencias
Withdrawn status Lost status Source of classification or shelving scheme Damaged status Not for loan Collection Home library Current library Shelving location Date acquired Inventory number Total checkouts Full call number Barcode Date last seen Price effective from Koha item type Public note
    Dewey Decimal Classification     General Miguel Henríquez Emiliani Miguel Henríquez Emiliani General 03/31/2025 015626   612.39 T776 015626 03/31/2025 03/31/2025 Libros 610-CIENME